Posibilidades de empleo de la energía eólica zona patagónica : 18 de septiembre de 1970. /

Guardado en:
Autor Principal: Nevot, Miguel A.
Formato: Libro
Idioma:Spanish
Publicado: Mar del Plata : Universidad provincial, 1970.
Series:Cátedra de Intereses marítimos, fasc. 16
Etiquetas: Agregar Etiqueta
Sin Etiquetas, Sea el primero en etiquetar este registro!
LEADER 00582nam a22001695a 4500
001 EUN.um021913
003 AR-BaUNS
005 20050623122901.0
008 041125s1970####ag############000#0#spa#d
245 1 0 |a Posibilidades de empleo de la energía eólica zona patagónica :  |b 18 de septiembre de 1970. /  |c Miguel A. Nevot. 
260 |a Mar del Plata :  |b Universidad provincial,  |c 1970. 
300 |a 18 p. 
490 0 |a Cátedra de Intereses marítimos, fasc. 16 
100 1 |a Nevot, Miguel A. 
082 0 4 |a 551.51 
082 0 4 |a 621.49 
859 |a Ar-BaUNS  |b BIB. CENTRAL - Sector C  |h 551.51  |i N419  |p 69598/974